Postavenie kalkulácie ako osobitnej časti účtovného informačného systému podniku v SR v kontexte historického vývoja

Postavenie kalkulácie v riadení priemyselných podnikov od začiatku 20. storočia po súčasnosť a jej právna úprava. Počiatky kalkulácie. Obdobie podnikového počtovníctva. Obdobie národohospodárskej evidencie. Obdobie sústavy sociálno-ekonomických informácií. Obdobie jednotnej sústavy sociálno-ekonomic...

Descrizione completa

Salvato in:
Dettagli Bibliografici
Autore principale: Antalová, Renáta
Altri autori: Tumpach, Miloš, 1970-
Natura: Capitolo di libro
Lingua:slovacco
Soggetti:
Tags: Aggiungi Tag
Nessun Tag, puoi essere il primo ad aggiungerne!!

MARC

LEADER 00000naa$a2200000$$$4500
001 0075538
005 20240502071903.1
041 0 |a slo 
044 |a SK 
245 1 0 |a Postavenie kalkulácie ako osobitnej časti účtovného informačného systému podniku v SR v kontexte historického vývoja  |c Renáta Antalová, Miloš Tumpach 
520 |a Postavenie kalkulácie v riadení priemyselných podnikov od začiatku 20. storočia po súčasnosť a jej právna úprava. Počiatky kalkulácie. Obdobie podnikového počtovníctva. Obdobie národohospodárskej evidencie. Obdobie sústavy sociálno-ekonomických informácií. Obdobie jednotnej sústavy sociálno-ekonomických informácií. Kalkulácia v podmienkach trhového hospodárstva. 
610 2 0 |a kalkulácia 
610 2 0 |a Slovensko 
610 2 0 |a história 
610 2 0 |a účtovníctvo vnútropodnikové 
610 2 0 |a reformy 
610 2 0 |a evidencia účtovná 
100 1 |a Antalová, Renáta 
700 1 |a Tumpach, Miloš, 1970-